Normal view
MARC view
- عكاشة، خالد كمال
Entry Personal Name
001 - CONTROL NUMBER
- control field: 50755
003 - CONTROL NUMBER IDENTIFIER
- control field: JO-AjAnu
005 - DATE AND TIME OF LATEST TRANSACTION
- control field: 20230606082344.0
008 - FIXED-LENGTH DATA ELEMENTS
- fixed length control field: 230606|| aca||aabn | a|a d
040 ## - CATALOGING SOURCE
- Original cataloging agency: JO-AjAnu
- Transcribing agency: JO-AjAnu
100 ## - HEADING--PERSONAL NAME
- Personal name: عكاشة، خالد كمال
670 ## - SOURCE DATA FOUND
- Source citation: Work cat.: (JO-AjAnu)25945: عكاشة، خالد كمال , author, دور التحكيم في فض منازعات عقود الاستثمار " دراسة مقارنة لبعض التشريعات في الدول العربية والأجنبية والاتفاقيات الدولية وخصوصية مركز واشنطن (ICSID)